The law reports, weekly law reports and restrictive pratices reports consolidated index 1961-1970 (Record no. 102305)

MARC details
000 -LEADER
fixed length control field 00459cam a2200145 4500
001 - CONTROL NUMBER
control field J119380
008 - FIXED-LENGTH DATA ELEMENTS--GENERAL INFORMATION
fixed length control field 020816n1971 000 0 eng u
035 ## - SYSTEM CONTROL NUMBER
System control number (Sirsi) u119380
050 ## - LIBRARY OF CONGRESS CALL NUMBER
Classification number 348.41047
110 ## - MAIN ENTRY--CORPORATE NAME
Corporate name or jurisdiction name as entry element Incoporated Council of Law Reporting for England and Wales
245 #4 - TITLE STATEMENT
Title The law reports, weekly law reports and restrictive pratices reports consolidated index 1961-1970
260 ## - PUBLICATION, DISTRIBUTION, ETC.
Place of publication, distribution, etc. London
Name of publisher, distributor, etc. ICLR
Date of publication, distribution, etc. 1971
300 ## - PHYSICAL DESCRIPTION
Extent 831p.
Dimensions 24cm.
942 ## - ADDED ENTRY ELEMENTS (KOHA)
Suppress in OPAC 0
Holdings
Withdrawn status Lost status Source of classification or shelving scheme Damaged status Not for loan Home library Current library Shelving location Date acquired Total Checkouts Full call number Barcode Date last seen Copy number Price effective from Koha item type
    Dewey Decimal Classification     London London Enquiry desk 16/08/2002   Library office shelf L55 30065589 10/06/2024 1 06/08/2019 Reference material